000 00337nam a2200145Ia 4500
008 151213s9999 xx 000 0 und d
100 _aR.Chessington
245 _aThe Rufe of the Lock Notes
_cR.Chessington
250 _a1st
300 _a2482 p.
650 _aEnglish
650 _aEnglish
700 _aR.Chessington
999 _c1705
_d1705